000
00318nam a22001457a 4500
008
210310b ||||| |||| 00| 0 eng d
020
_a
2900735597890
041
_a
eng
080
_a
34
082
_a
34
100
_a
13
101
_a
JUR
245
_a
Civil Procedure A Coursebook
_c
Glannon,W.J
942
_2
udc
_c
BK
999
_c
56112
_d
56112